000
00317nam a2200121Ia 4500
008
190216s9999||||xx |||||||||||||| ||und||
100
_a
Joseph K X
245
0
_a
Subsidiary Statitics For I And Ii Year Bsc
260
_b
Calicut University Central Co-Operative
300
_a
506
650
_a
Mathematics
942
_c
BK
999
_c
31995
_d
31995